Same National Days Quiz Stats

 Plays Quiz not verified by Sporcle

Also try: Africa (Redux)
Challenge
Share
Tweet
Embed
Score 0/100 Timer 10:00
0 Plays Today
Date Country % Correct
June 12Russia
75%
October 1China
75%
July 1Canada
70%
August 31Malaysia
70%
September 16Mexico
70%
February 11Japan
65%
August 15India
65%
August 17Indonesia
65%
October 3Germany
65%
October 12Spain
65%
October 1Nigeria
60%
October 3Iraq
60%
October 3South Korea
60%
December 18Niger
60%
April 27South Africa
55%
September 9North Korea
55%
December 16-17Kazakhstan
55%
February 11Iran
50%
February 17Libya
50%
April 27Netherlands
50%
May 14Israel
50%
May 25Argentina
50%
July 9South Sudan
50%
September 15Guatemala
50%
December 16Bahrain
50%
December 16Bangladesh
50%
January 1Cuba
45%
January 1Haiti
45%
January 1Sudan
45%
May 28Ethiopia
45%
August 31Kyrgyzstan
45%
September 8Macedonia
45%
September 15Costa Rica
45%
September 15El Salvador
45%
Date Country % Correct
September 15Nicaragua
45%
October 27Turkmenistan
45%
November 1Algeria
45%
November 3Dominica
45%
November 3Panama
45%
November 18Morocco
45%
November 18Oman
45%
December 1Romania
45%
December 2Laos
45%
December 18Qatar
45%
February 23Brunei
40%
April 27Togo
40%
May 14Paraguay
40%
June 25Mozambique
40%
August 1Benin
40%
August 15Liechtenstein
40%
September 8Andorra
40%
September 15Honduras
40%
September 16Papua New Guinea
40%
September 21Belize
40%
October 10Fiji
40%
November 28Albania
40%
December 2United Arab Emirates
40%
January 1Slovakia
35%
February 11Vatican City
35%
February 17Kosovo
35%
May 20Timor-Leste
35%
May 25Jordan
35%
June 12Philippines
35%
June 25Croatia
35%
June 25Slovenia
35%
July 1Burundi
35%
July 6Malawi
35%
July 9Palau
35%
Date Country % Correct
July 12Kiribati
35%
July 12São Tomé and Príncipe
35%
July 26Maldives
35%
August 1Switzerland
35%
September 9Tajikistan
35%
October 10Taiwan
35%
October 12Equatorial Guinea
35%
November 11Angola
35%
November 11Poland
35%
November 28Mauritania
35%
December 1Central African Republic
35%
December 17Bhutan
35%
February 23Guyana
35%
September 21Malta
35%
May 20Cameroon
30%
May 28Azerbaijan
30%
May 28Armenia
30%
July 1Rwanda
30%
July 1Somalia
30%
July 6Comoros
30%
July 26Liberia
30%
August 15Republic of the Congo
30%
August 17Gabon
30%
August 31Trinidad and Tobago
30%
September 21Armenia
30%
October 1Cyprus
30%
October 1Tuvalu
30%
October 27St Vincent and the Grenadines
30%
November 1Antigua and Barbuda
30%
November 18Latvia
30%
April 27Sierra Leone
25%
November 3Micronesia
25%

You're not logged in!

Compare scores with friends on all Sporcle quizzes.
OR
Log In

You Might Also Like...

Show Comments

Extras

Top Quizzes Today


Score Distribution

Your Account Isn't Verified!

In order to create a playlist on Sporcle, you need to verify the email address you used during registration. Go to your Sporcle Settings to finish the process.

Report this User

Report this user for behavior that violates our Community Guidelines.

Details: